1570 1571 1275 1815 1332 1520 1520 1105 1432 1453 1146 1077 1446 1996 1811 1907 1315 1303 1934 1775 1501 1526 1156 1814 1732 1537 1765 1659 1953 1072 1786 1143 1457 1691 1564 1656 1760 1084 1813 1505 1165 1423 1656 1140 1737 1372 1191 1623 1962 1039 1779 1589 1878 1456 1572 1235 1001 1668 1740 1266 1020 1998 1154 1861 1934 1641 1597 1252 1905 1164 1668 1214 1056 1327 1691 1272 1233 1923 1890 1503 1684 1536 1374 1755 1496 1756 1318 1834 1853 1171 1756 1253 1713 1375 1960 1426 1022 1925 1751 BCNSPRNW ULIB Ver.6.0+V

เปลี่ยนเป็นภาษาไทย

Change to English
 แสดงรายละเอียดบรรณานุกรม
  กลับหน้าหลัก

Brief Record : Get Marc (ISO 2709) : E-mail record : QR code < ปิดหน้าต่าง
LEADER : 00000nam 2200000uu 4500
001    13399112052
003     ULIB
008    110725s2552||||th 000 0 tha d
020    9786117070235 (ล.3)
050  4 H62^bส786ว ล.3 2552
100 0  สุธีระ ประเสริฐสรรพ์
245 10 วิจัย--เรื่องใกล้ตัว 3 /^cสุธีระ ประเสริฐสรรพ์
246 30 วิจัย...เรื่องใกล้ตัว 3
250    พิมพ์ครั้งที่ 1
260    กรุงเทพฯ :^bสำนักงานกองทุนสนับสนุนการวิจัย (สกว.),^c2552
300    5 เล่ม :^bภาพประกอบ ;^c24 ซม.
650  7 การวิจัย
650  7 การศึกษา
650  7 การเรียนรู้
710 2  สำนักงานกองทุนสนับสนุนการวิจัย
740 0  วิจัยใน...ความคิด : เล่มที่ 1
740 0  หลักคิด...การวิจัย : เล่มที่ 2
740 0  วิจัย...เรื่องใกล้ตัว : เล่มที่ 3
740 0  เรียนรู้คู่วิจัย : เล่มที่ 4
740 0  วิจัยใน...จินตนาการ : เล่มที่ 5
945    ^p70^l0^i026433
945    ^p70^l0^i026434
995    ทศพร
999 ^a ทศพร
รายการนี้ยังไม่มีแท็ก
คุณยังไม่ได้ล็อกอิน คุณสามารถมีกิจกรรมร่วมกับเว็บไซต์ได้ แต่ต้องล็อกอินก่อน ::
  ล็อกอิน

รายการสื่อสารสนเทศ

ลำดับที่ ประเภท เลขเรียก/บาร์โค้ด สถานที่ สถานะ
- ไม่พบข้อมูล -

รายการใกล้เคียง
    ผู้แต่ง [สุธีระ ประเสริฐสรรพ์]

    หัวเรื่อง [การวิจัย]
    หัวเรื่อง [การศึกษา]
    หัวเรื่อง [การเรียนรู้]

BibComment


ยังไม่เคยถูกคอมเมนท์

คอมเมนท์ทรัพยากรรายการนี้
  คอมเมนท์: วิจัยเรื่องใกล้ตั..


 Copyright 2026. Bcnsprnw @Library